[Event "SR 1. liga zapad 2015/2016"]
[Site "?"]
[Date "2015.11.15"]
[Round "4.7"]
[White "Szakall, Alexander"]
[Black "Kutny, Marian Ml"]
[Result "1/2-1/2"]
[WhiteElo "1959"]
[BlackElo "1966"]
[PlyCount "89"]
[EventDate "2015.??.??"]

1. c4 e5 2. Nc3 Nf6 3. g3 d5 4. cxd5 Nxd5 5. Bg2 c6 6. d3 Be6 7. Nf3 Bd6 8. Ng5
Nxc3 9. bxc3 Qe7 10. Nxe6 Qxe6 11. Qb3 Qxb3 12. axb3 Nd7 13. b4 O-O 14. O-O a6
15. Bd2 Nf6 16. c4 h6 17. Rfb1 Rfb8 18. Rb3 Rc8 19. Bc3 Rd8 20. Rab1 Rd7 21.
Bh3 Re7 22. Bg2 Rd7 23. Bh3 Re7 24. Bg2 Rd7 25. Ra1 Rdd8 26. Rba3 Rab8 27. Rb3
Ra8 28. Rba3 Rab8 29. Ra5 Re8 30. R5a2 Re7 31. Rb2 Rc8 32. Bh3 Rb8 33. Bg2 Rc8
34. Bh3 Rb8 35. Bg2 Rc8 36. Rb3 Ree8 37. Bd2 Ra8 38. Rab1 Re7 39. Ra1 Ree8 40.
Rab1 Rec8 41. Be3 Re8 42. b5 axb5 43. cxb5 Nd5 44. bxc6 bxc6 45. Bd2 1/2-1/2

[Event "SR 1. liga zapad 2015/2016"]
[Site "?"]
[Date "2015.11.15"]
[Round "4.8"]
[White "Orgon, Dusan"]
[Black "Hrstka, Samuel"]
[Result "1-0"]
[WhiteElo "2030"]
[BlackElo "1849"]
[PlyCount "115"]
[EventDate "2015.??.??"]

1. d4 d5 2. Bg5 Nf6 3. Bxf6 exf6 4. e3 Be7 5. c4 c6 6. Nc3 dxc4 7. Bxc4 O-O 8.
Nge2 b5 9. Bd3 Bb7 10. Qc2 g6 11. Be4 a6 12. O-O Nd7 13. Rfd1 Rc8 14. a3 f5 15.
Bf3 Nf6 16. Rac1 Qc7 17. b4 Rfd8 18. g3 Qb6 19. Nf4 a5 20. Qb2 axb4 21. axb4
Ra8 22. Ra1 Qc7 23. Nd3 Nd7 24. Rac1 Qb6 25. Ra1 Qc7 26. Rac1 Qb6 27. Qb3 Rac8
28. Nf4 Nf6 29. Nd3 Nd7 30. Ne2 Qc7 31. Nef4 Bd6 32. Rd2 Nf6 33. Rdc2 Qd7 34.
Nc5 Bxc5 35. Rxc5 Nd5 36. Nxd5 cxd5 37. Rxc8 Bxc8 38. Bxd5 Bb7 39. Bxb7 Qxb7
40. Qc3 Qd5 41. Qc5 Qb7 42. Qc6 Rb8 43. Qxb7 Rxb7 44. Kg2 Kf8 45. Kf3 Ke7 46.
h3 Kd6 47. Rc5 f6 48. Kf4 Ke6 49. g4 fxg4 50. hxg4 h6 51. Ke4 Kd6 52. d5 Re7+
53. Kd4 Rb7 54. Rc6+ Ke7 55. Kc5 h5 56. gxh5 gxh5 57. Re6+ Kf7 58. Re4 1-0

[Event "SR 1. liga zapad 2015/2016"]
[Site "?"]
[Date "2015.11.15"]
[Round "4.1"]
[White "Schwarz, Dusan"]
[Black "Gazik, Viktor"]
[Result "0-1"]
[WhiteElo "2294"]
[BlackElo "2432"]
[PlyCount "132"]
[EventDate "2015.??.??"]

1. e4 Nf6 2. e5 Nd5 3. d4 Nb6 4. Nf3 d5 5. Be3 Bg4 6. Nbd2 e6 7. Be2 c5 8. c3
Nc6 9. O-O Be7 10. h3 Bh5 11. g4 Bg6 12. Ne1 cxd4 13. cxd4 Bb4 14. f4 Be4 15.
Rc1 Bxd2 16. Qxd2 h5 17. g5 Nc4 18. Qc3 Qa5 19. Bxc4 dxc4 20. Qxa5 Nxa5 21. Bd2
Nc6 22. Rxc4 O-O-O 23. Bc3 Bd5 24. Rxc6+ Bxc6 25. Nc2 Bd5 26. a3 g6 27. Ne3 Bb3
28. Kf2 Rd7 29. Rc1 Kb8 30. Nf1 Rc8 31. Nd2 Bd5 32. Ke3 b6 33. Ra1 Rdc7 34. Kd3
Kb7 35. h4 Ka6 36. a4 Bg2 37. Ra3 Kb7 38. Ne4 Bxe4+ 39. Kxe4 Rc4 40. Kd3 a6 41.
Ra1 b5 42. axb5 axb5 43. Rf1 b4 44. Bd2 Rc2 45. Bxb4 Rxb2 46. Bd2 Rb3+ 47. Ke4
Rc2 48. Be3 Rh2 49. Bf2 Rb2 50. Be3 Kc6 51. Rc1+ Rhc2 52. Ra1 Ra2 53. Rd1 Rc3
54. Bd2 Rcc2 55. Be3 Ra3 56. Re1 Rac3 57. Bg1 Rg2 58. Be3 Rh2 59. d5+ exd5+ 60.
Kd4 Rc4+ 61. Kd3 Rh3 62. Kd2 d4 63. Bg1 Kd5 64. Rf1 d3 65. f5 gxf5 66. Be3 Re4
0-1

[Event "SR 1. liga zapad 2015/2016"]
[Site "?"]
[Date "2015.11.15"]
[Round "4.2"]
[White "Dobrotka, Martin"]
[Black "Vlcek, Stanislav"]
[Result "1/2-1/2"]
[WhiteElo "2175"]
[BlackElo "2291"]
[PlyCount "104"]
[EventDate "2015.??.??"]

1. d4 Nf6 2. c4 c5 3. d5 e6 4. Nc3 exd5 5. cxd5 d6 6. e4 g6 7. Be2 Bg7 8. Nf3
Bg4 9. Nd2 Bxe2 10. Qxe2 O-O 11. O-O Nbd7 12. Nc4 Nb6 13. Bg5 Re8 14. Rad1 a6
15. Ne3 Qd7 16. Qf3 Nh5 17. g4 Bxc3 18. bxc3 Ng7 19. Bf6 Qa4 20. Rb1 Nd7 21.
Rxb7 Rab8 22. Ra7 Ra8 23. Rxa8 Rxa8 24. Bxg7 Kxg7 25. g5 Rb8 26. Qf4 Rb6 27.
Ng4 Qc4 28. Nf6 Ne5 29. Ne8+ Kf8 30. Nxd6 Qxc3 31. Nc8 Rb4 32. Qc1 Qxc1 33.
Rxc1 Rxe4 34. Rxc5 Nf3+ 35. Kg2 Nxg5 36. Nb6 Rd4 37. Ra5 Ne4 38. Rxa6 Nc3 39.
Ra5 Ke7 40. Rc5 Nxa2 41. Nc8+ Kd7 42. d6 Nb4 43. Rc7+ Ke8 44. Re7+ Kd8 45. Na7
Rxd6 46. Rxf7 Rd7 47. Rxd7+ Kxd7 48. Nb5 Ke6 49. Kg3 Nd3 50. Nd4+ Ke5 51. Nf3+
Kf5 52. Nd4+ Ke5 1/2-1/2

[Event "SR 1. liga zapad 2015/2016"]
[Site "?"]
[Date "2015.11.15"]
[Round "4.3"]
[White "Lecky, Juraj"]
[Black "Hanko, Pavol"]
[Result "0-1"]
[WhiteElo "2038"]
[BlackElo "2136"]
[PlyCount "58"]
[EventDate "2015.??.??"]

1. e4 c5 2. d4 cxd4 3. c3 Nf6 4. e5 Nd5 5. Nf3 Nc6 6. cxd4 e6 7. a3 d6 8. Bd3
Be7 9. O-O O-O 10. Re1 dxe5 11. dxe5 f5 12. b4 a6 13. Bb2 b5 14. Nc3 Bb7 15.
Nxd5 Qxd5 16. Bc2 Qxd1 17. Raxd1 Rfd8 18. Bb3 Kf7 19. Bc1 h6 20. Be3 a5 21. Bb6
Rxd1 22. Rxd1 axb4 23. axb4 Nxb4 24. Nd4 Bd5 25. h3 Bxb3 26. Nxb3 Nd5 27. Bd4
Ra3 28. Rb1 b4 29. Bc5 Rxb3 0-1

[Event "SR 1. liga zapad 2015/2016"]
[Site "?"]
[Date "2015.11.15"]
[Round "4.4"]
[White "Lakatos, Vladimir"]
[Black "Bednar, Jan"]
[Result "1/2-1/2"]
[WhiteElo "2057"]
[BlackElo "2107"]
[PlyCount "84"]
[EventDate "2015.??.??"]

1. c4 e5 2. Nc3 Nf6 3. e4 Nc6 4. f4 Bb4 5. d3 d6 6. f5 g6 7. fxg6 fxg6 8. Nf3
Bg4 9. Be2 Qd7 10. Be3 O-O 11. O-O Bc5 12. Bxc5 dxc5 13. Nd5 Bxf3 14. Bxf3 Nd4
15. Qd2 c6 16. Nc3 Rad8 17. Rad1 Kg7 18. Qg5 Qd6 19. h4 Ne6 20. Qe3 h6 21. Ne2
Nd4 22. Nxd4 Qxd4 23. Qxd4 Rxd4 24. Be2 Rfd8 25. Kf2 R4d6 26. Ke3 b6 27. g3 Rf8
28. Rf2 Rd7 29. Rg1 Rdf7 30. Rgf1 h5 31. b3 a5 32. Bd1 Kh6 33. Be2 Kg7 34. Bd1
Nd7 35. Rxf7+ Rxf7 36. Rxf7+ Kxf7 37. g4 hxg4 38. Bxg4 Nb8 39. Bc8 Ke7 40. Kf3
Kd8 41. Be6 Ke7 42. Bc8 Kd8 1/2-1/2

[Event "SR 1. liga zapad 2015/2016"]
[Site "?"]
[Date "2015.11.15"]
[Round "4.6"]
[White "Reisel, Frantisek"]
[Black "Nemsak, Denis"]
[Result "0-1"]
[WhiteElo "2068"]
[BlackElo "2091"]
[PlyCount "80"]
[EventDate "2015.??.??"]

1. d4 f5 2. g3 Nf6 3. Bg2 g6 4. Nf3 Bg7 5. O-O O-O 6. c4 d6 7. Nc3 Qe8 8. d5 a5
9. Be3 Ng4 10. Bd4 Ne5 11. Nb5 Na6 12. Rc1 Bd7 13. Na3 Nb4 14. Ra1 c6 15. Bc3
cxd5 16. cxd5 Rc8 17. Nd4 f4 18. Qd2 g5 19. Nf3 Nxf3+ 20. exf3 Qf7 21. Rfd1 Ba4
22. Bxg7 Qxg7 23. b3 Bd7 24. Nc4 Rc5 25. Nb6 Rc2 26. Qd4 Qxd4 27. Rxd4 Bb5 28.
a3 Na2 29. a4 Ba6 30. Re4 Rf7 31. Bh3 Kf8 32. Be6 fxg3 33. fxg3 Rxf3 34. Nc4
Nc3 35. Rg4 Ne2+ 36. Kh1 h6 37. Re1 Bxc4 38. bxc4 Rf2 39. h4 Kg7 40. hxg5 h5
0-1

[Event "SR 1. liga zapad 2015/2016"]
[Site "?"]
[Date "2015.11.15"]
[Round "4.7"]
[White "Petrik, Karol"]
[Black "Gunis, Juraj"]
[Result "1/2-1/2"]
[WhiteElo "2056"]
[BlackElo "2051"]
[PlyCount "128"]
[EventDate "2015.??.??"]

1. e4 c5 2. Ne2 d6 3. g3 g6 4. Bg2 Bg7 5. c3 Nf6 6. O-O O-O 7. d4 Nbd7 8. h3
Rb8 9. a4 b6 10. Na3 Bb7 11. d5 a6 12. c4 Ne8 13. Nc2 e5 14. dxe6 fxe6 15. Nc3
Ne5 16. Qe2 Nc6 17. Be3 Nd4 18. Qd1 e5 19. Nd5 Bc6 20. Ra3 Qd7 21. b3 b5 22.
axb5 axb5 23. Nxd4 cxd4 24. Bg5 Nf6 25. Qd2 bxc4 26. bxc4 Qb7 27. Rfa1 Bxd5 28.
cxd5 Qb2 29. Ra6 Qxd2 30. Bxd2 Ne8 31. Bf1 Rb2 32. R6a2 Rxa2 33. Rxa2 Nf6 34.
Bg2 Rb8 35. g4 Nd7 36. g5 Nc5 37. Bf3 Bf8 38. Kg2 Kf7 39. Ra7+ Rb7 40. Rxb7+
Nxb7 41. Be2 Nc5 42. f3 Be7 43. h4 Bd8 44. Bc4 Ke7 45. Kf2 Nb7 46. f4 Ba5 47.
Bc1 Nc5 48. fxe5 dxe5 49. Ba3 Kd6 50. Ke2 Bb6 51. Bb4 Kd7 52. Kf3 Nb7 53. Bb5+
Kd8 54. Bf8 Bc5 55. Bg7 Bd6 56. Bf6+ Kc7 57. Ke2 Nc5 58. Bd3 Kb6 59. Kd2 Nxd3
60. Kxd3 Kb5 61. Bd8 Kb4 62. Bb6 Kb5 63. Bd8 Kb4 64. Bf6 Kb5 1/2-1/2

[Event "SR 1. liga zapad 2015/2016"]
[Site "?"]
[Date "2015.11.15"]
[Round "4.8"]
[White "Kurtulik, Andrej"]
[Black "Goga, Frantisek"]
[Result "0-1"]
[WhiteElo "1881"]
[BlackElo "1969"]
[PlyCount "68"]
[EventDate "2015.??.??"]

1. e4 c5 2. Nf3 d6 3. d4 cxd4 4. Nxd4 Nf6 5. Nc3 a6 6. Be2 e5 7. Nb3 Be7 8. O-O
Be6 9. f4 exf4 10. Bxf4 Qc7 11. Qd3 Nbd7 12. Qg3 O-O 13. Rad1 Ne5 14. Nd4 Rad8
15. Bg5 Kh8 16. Kh1 b5 17. Nf5 b4 18. Nxe7 bxc3 19. Nf5 Nxe4 20. Qh4 Nxg5 21.
Qxg5 Bxf5 22. Qxf5 cxb2 23. Bd3 Nxd3 24. Qxd3 a5 25. Rb1 Rb8 26. Rfd1 Rfd8 27.
c4 a4 28. Rd2 Qa5 29. a3 Qe5 30. Qc2 Re8 31. Rdd1 Rb3 32. h3 g6 33. Qf2 f5 34.
Re1 Qxe1+ 0-1

[Event "SR 1. liga zapad 2015/2016"]
[Site "?"]
[Date "2015.11.15"]
[Round "4.1"]
[White "Slacky, Stanislav"]
[Black "Sipos, Istvan"]
[Result "0-1"]
[WhiteElo "2199"]
[BlackElo "2491"]
[PlyCount "50"]
[EventDate "2015.??.??"]

1. d4 Nf6 2. c4 e6 3. Nf3 d5 4. g3 Be7 5. Bg2 O-O 6. O-O dxc4 7. Ne5 Nc6 8.
Bxc6 bxc6 9. Nxc6 Qd7 10. Nxe7+ Qxe7 11. Qa4 e5 12. dxe5 Qxe5 13. Qxc4 Be6 14.
Qd3 Ng4 15. f3 Rfd8 16. Qe4 Qc5+ 17. Kg2 Rab8 18. Nc3 Nf6 19. Qe3 Qh5 20. Rd1
Rxd1 21. Nxd1 Ng4 22. Qg1 Ne5 23. Qxa7 Re8 24. Qa4 Bh3+ 25. Kf2 Qxf3+ 0-1

[Event "SR 1. liga zapad 2015/2016"]
[Site "?"]
[Date "2015.11.15"]
[Round "4.2"]
[White "Berczes, Csaba"]
[Black "Dujava, Daniel"]
[Result "1/2-1/2"]
[WhiteElo "2365"]
[BlackElo "2139"]
[PlyCount "48"]
[EventDate "2015.??.??"]

1. Nf3 Nf6 2. g3 b6 3. Bg2 Bb7 4. O-O c5 5. c4 e6 6. Nc3 Be7 7. d4 cxd4 8. Qxd4
d6 9. Rd1 a6 10. e4 Nbd7 11. b3 Qc8 12. Bb2 O-O 13. Qe3 Qc7 14. Nd4 Rfe8 15.
Qd2 Rad8 16. Re1 Bf8 17. Rad1 Qb8 18. Re2 g6 19. Qc1 Nc5 20. Nc2 Be7 21. Qa1
Qa8 22. f3 Ncd7 23. Kh1 Qb8 24. Red2 Ba8 1/2-1/2

[Event "SR 1. liga zapad 2015/2016"]
[Site "?"]
[Date "2015.11.15"]
[Round "4.3"]
[White "Pytlik, Pavol"]
[Black "Farkas, Gabor"]
[Result "0-1"]
[WhiteElo "2091"]
[BlackElo "2344"]
[PlyCount "126"]
[EventDate "2015.??.??"]

1. e4 e6 2. d4 d5 3. exd5 exd5 4. Bd3 Nf6 5. Nf3 Bd6 6. O-O O-O 7. Bg5 h6 8.
Bh4 Bg4 9. Nbd2 Nbd7 10. c3 c5 11. Qc2 c4 12. Bh7+ Kh8 13. Bf5 Qc7 14. Bxg4
Nxg4 15. Bg3 Bxg3 16. hxg3 b5 17. Rfe1 Rae8 18. Nf1 a5 19. N3h2 Nxh2 20. Nxh2
b4 21. Qf5 Nf6 22. Ng4 Nxg4 23. Qxg4 a4 24. a3 Rxe1+ 25. Rxe1 bxc3 26. bxc3 Qd6
27. Qf3 Qxa3 28. Qxd5 Qxc3 29. Re7 Kg8 30. Rc7 a3 31. Qxc4 Qxc4 32. Rxc4 Ra8
33. Rc1 a2 34. Ra1 Kf8 35. Kf1 Ke7 36. Ke2 Kd6 37. Kd3 Kd5 38. Kc3 f5 39. Kb2
g5 40. Kc3 h5 41. Kb2 f4 42. gxf4 gxf4 43. Kc3 h4 44. f3 Ra7 45. Kb2 Rg7 46.
Rh1 Rxg2+ 47. Ka1 Kxd4 48. Rxh4 Ke3 49. Rh1 Kxf3 50. Rf1+ Rf2 51. Re1 Kg4 52.
Rg1+ Kf5 53. Rg5+ Ke4 54. Re5+ Kd3 55. Re3+ Kd2 56. Rd3+ Ke2 57. Rd7 Rf1+ 58.
Kxa2 f3 59. Kb2 Rd1 60. Re7+ Kf1 61. Kc2 Rd8 62. Re6 f2 63. Re7 Rg8 0-1

[Event "SR 1. liga zapad 2015/2016"]
[Site "?"]
[Date "2015.11.15"]
[Round "4.4"]
[White "Janko, Michal"]
[Black "Szeko, Ludovit"]
[Result "1-0"]
[WhiteElo "2260"]
[BlackElo "2034"]
[PlyCount "161"]
[EventDate "2015.??.??"]

1. c4 g6 2. Nc3 Bg7 3. g3 Nf6 4. Bg2 O-O 5. e4 d6 6. Nge2 Nbd7 7. O-O a6 8. h3
Rb8 9. Rb1 c6 10. d3 b5 11. cxb5 axb5 12. b4 Qb6 13. Be3 Qa6 14. f4 Bb7 15. Qd2
Ra8 16. Rf2 Nb6 17. Nd4 Nfd7 18. Nb3 Rac8 19. Nd4 Na4 20. Nxa4 Qxa4 21. Bf3 c5
22. Bd1 cxd4 23. Bxa4 dxe3 24. Qxe3 bxa4 25. Re2 Rc7 26. Rc1 Rxc1+ 27. Qxc1
Bd4+ 28. Kh2 Rc8 29. Rc2 Nb6 30. Rxc8+ Bxc8 31. Qc7 Be6 32. Qxe7 d5 33. e5 h5
34. Qg5 Kg7 35. Qf6+ Kh7 36. Kg2 Nd7 37. Qe7 Kg8 38. Qe8+ Kh7 39. Qa8 Nb6 40.
Qf8 Nd7 41. Qe7 Kg8 42. Qe8+ Kh7 43. g4 Bb6 44. Qa8 hxg4 45. hxg4 Bxg4 46. Qxa4
Be3 47. Kg3 Be6 48. Qd1 f6 49. Qe1 d4 50. Qh1+ Kg7 51. Qc6 Kf7 52. exf6 Nxf6
53. Qc7+ Ke8 54. Qc6+ Ke7 55. Qc5+ Kf7 56. Qc7+ Ke8 57. Qc6+ Ke7 58. Qc5+ Kf7
59. b5 Nh5+ 60. Kh2 Bxf4+ 61. Kh1 Bh3 62. Qd5+ Ke7 63. b6 Ng3+ 64. Kg1 Be6 65.
Qc5+ Bd6 66. Qg5+ Kd7 67. Qb5+ Ke7 68. b7 Ne2+ 69. Kf1 Nc3 70. b8=Q Bxb8 71.
Qxb8 Nxa2 72. Qa7+ Kd6 73. Qxd4+ Bd5 74. Qf6+ Kc5 75. Qxg6 Kd4 76. Ke2 Nc1+ 77.
Kd2 Nb3+ 78. Kc2 Kc5 79. Kc3 Na5 80. d4+ Kb5 81. Qf5 1-0

[Event "SR 1. liga zapad 2015/2016"]
[Site "?"]
[Date "2015.11.15"]
[Round "4.5"]
[White "Jursa, Branislav"]
[Black "Janko, Ladislav"]
[Result "1/2-1/2"]
[WhiteElo "1960"]
[BlackElo "2162"]
[PlyCount "54"]
[EventDate "2015.??.??"]

1. e4 c5 2. c3 d5 3. exd5 Qxd5 4. d4 cxd4 5. cxd4 Nc6 6. Nf3 e5 7. Nc3 Bb4 8.
Bd2 Bxc3 9. Bxc3 exd4 10. Nxd4 Nge7 11. Nxc6 Qxc6 12. Qd4 Be6 13. Bd3 Rd8 14.
Qxg7 Rg8 15. Qxh7 Bc4 16. O-O-O Bxa2 17. Rhe1 Be6 18. Qh5 a6 19. Be4 Rxd1+ 20.
Qxd1 Qc7 21. Qd2 b5 22. Qd4 Rg5 23. Rd1 Nd5 24. Qh8+ Ke7 25. Bxd5 Rxd5 26. Qf6+
Kd7 27. Rxd5+ Bxd5 1/2-1/2

[Event "SR 1. liga zapad 2015/2016"]
[Site "?"]
[Date "2015.11.15"]
[Round "4.6"]
[White "Balogh, Peter"]
[Black "Puchovsky, Ladislav"]
[Result "1/2-1/2"]
[WhiteElo "2105"]
[BlackElo "1940"]
[PlyCount "61"]
[EventDate "2015.??.??"]

1. e4 e6 2. d4 d5 3. Nc3 Bb4 4. e5 c5 5. Qg4 g6 6. dxc5 Bxc3+ 7. bxc3 Qc7 8.
Nf3 Qxc5 9. Bd2 Bd7 10. Bd3 Nc6 11. O-O O-O-O 12. a4 f5 13. Qf4 h6 14. Rfb1 g5
15. Qe3 Qxe3 16. Bxe3 Nge7 17. Nd4 f4 18. Nxc6 Nxc6 19. Bc5 Nxe5 20. Bd4 Nc6
21. Bxh8 Rxh8 22. Re1 e5 23. f3 Kc7 24. c4 d4 25. Be4 Kd6 26. Rab1 b6 27. Rbd1
Na5 28. c3 Bxa4 29. Rd2 Nxc4 30. Ra2 b5 31. Bd3 1/2-1/2

[Event "SR 1. liga zapad 2015/2016"]
[Site "?"]
[Date "2015.11.15"]
[Round "4.7"]
[White "Novak, Martin"]
[Black "Dvorsky, Jozef"]
[Result "1-0"]
[WhiteElo "1838"]
[BlackElo "2034"]
[PlyCount "135"]
[EventDate "2015.??.??"]

1. Nf3 c5 2. g3 Nc6 3. Bg2 d5 4. d3 e5 5. O-O Nf6 6. Bg5 Be7 7. Nc3 Be6 8. e4
d4 9. Ne2 c4 10. Nh4 cxd3 11. cxd3 h6 12. Bc1 g5 13. Nf5 Bxf5 14. exf5 Qb6 15.
Kh1 O-O-O 16. Qc2 Nd5 17. a3 Kb8 18. Bd2 g4 19. Rfd1 h5 20. Rac1 f6 21. Qc4 e4
22. Bxe4 Ne5 23. Qxd4 Qxd4 24. Nxd4 h4 25. Ne6 Rd7 26. Kg2 Nb6 27. Bf4 Bd6 28.
Nc5 Rdh7 29. Rh1 Nbc4 30. dxc4 Bxc5 31. b4 h3+ 32. Kf1 Bd4 33. Rd1 Bb2 34. a4
Re7 35. Rd5 Ka8 36. Bxe5 Bxe5 37. f3 Bc3 38. Kf2 Bxb4 39. Rhd1 a5 40. Rd7 Rhh7
41. Bxb7+ Kb8 42. Bc6 Bc5+ 43. Kf1 Rxd7 44. Rxd7 Rxd7 45. Bxd7 Kc7 46. Be8 gxf3
47. Bh5 f2 48. Bg4 Kd6 49. Bxh3 Ke5 50. Bg4 Ke4 51. Ke2 Be3 52. Bh3 Bc5 53. Bg4
Be3 54. h4 Kd4 55. Bh3 Bh6 56. Kxf2 Kxc4 57. Bf1+ Kd4 58. Kf3 Bc1 59. Kg4 Ke4
60. Bg2+ Ke5 61. Bh3 Ke4 62. Bf1 Bd2 63. Be2 Bc1 64. Bd1 Ke3 65. Kh5 Kf2 66. g4
Kg3 67. g5 Ba3 68. gxf6 1-0

[Event "SR 1. liga zapad 2015/2016"]
[Site "?"]
[Date "2015.11.15"]
[Round "4.8"]
[White "Bott, Tamas"]
[Black "Vanek, Libor"]
[Result "0-1"]
[WhiteElo "1735"]
[BlackElo "1832"]
[PlyCount "36"]
[EventDate "2015.??.??"]

1. e4 d6 2. d4 Nf6 3. Nc3 g6 4. Bd3 Bg7 5. Nge2 e5 6. dxe5 dxe5 7. O-O O-O 8.
Bg5 h6 9. Bh4 c6 10. b3 Nbd7 11. f4 exf4 12. Bxf6 Nxf6 13. Rxf4 Ng4 14. Rc1 Be5
15. Rf3 Nxh2 16. Rxf7 Kxf7 17. Qd2 Kg7 18. g3 Nf3+ 0-1

[Event "SR 1. liga zapad 2015/2016"]
[Site "?"]
[Date "2015.11.15"]
[Round "4.1"]
[White "Certek, Pavel"]
[Black "Gasa, Andrej"]
[Result "1-0"]
[WhiteElo "2302"]
[BlackElo "2337"]
[PlyCount "87"]
[EventDate "2015.??.??"]

1. d4 Nf6 2. Nf3 d5 3. c4 c6 4. e3 e6 5. Nbd2 Nbd7 6. Bd3 Be7 7. O-O O-O 8. e4
dxe4 9. Nxe4 Nxe4 10. Bxe4 Nf6 11. Bc2 c5 12. b3 b6 13. Bb2 Bb7 14. Ne5 Qc7 15.
dxc5 bxc5 16. Qe2 Rad8 17. f4 Qa5 18. Rf2 Rd6 19. Qe3 Rfd8 20. Bc3 Qc7 21. Qe1
Re8 22. Re2 Bf8 23. Qh4 h6 24. Rae1 Qd8 25. Re3 Nd7 26. Qh5 Nxe5 27. Qxe5 Bc6
28. Rg3 Rd4 29. Bxd4 Qxd4+ 30. Qxd4 cxd4 31. Be4 Bd7 32. Rd3 Bc5 33. Kf1 a5 34.
Red1 Kf8 35. Rxd4 Bxd4 36. Rxd4 Ke7 37. Ke2 Rb8 38. Kd2 f6 39. Kc3 g5 40. g3
gxf4 41. gxf4 Rg8 42. Bf3 Rg1 43. Rd1 Rg8 44. a3 1-0

[Event "SR 1. liga zapad 2015/2016"]
[Site "?"]
[Date "2015.11.15"]
[Round "4.2"]
[White "Cajka, Tibor"]
[Black "Dolnak, Michal"]
[Result "1-0"]
[WhiteElo "2114"]
[BlackElo "2220"]
[Annotator "rastík"]
[PlyCount "75"]
[EventDate "2015.??.??"]

1. e4 e5 2. Nf3 Nc6 3. Bc4 Nf6 4. Ng5 d5 5. exd5 Na5 6. Bb5+ c6 7. dxc6 bxc6 8.
Be2 h6 9. Nf3 e4 10. Ne5 Bc5 11. O-O O-O 12. Nc3 Re8 13. Ng4 Nd5 14. d4 Nxc3
15. bxc3 Bd6 16. Ne3 f5 17. f4 exf3 18. Rxf3 f4 19. Nf1 Qh4 20. Bxf4 Bxf4 21.
g3 Qh5 22. Rf2 Rxe2 23. Qxe2 Qxe2 24. Rxe2 Bd6 25. Re8+ Kf7 26. Rae1 Rb8 27.
Nd2 Ba6 28. R8e6 Rd8 29. Nb3 Nc4 30. Nc5 Bc8 31. Rf1+ Kg8 32. Rg6 Bxc5 33. dxc5
Ne5 34. Rd6 Re8 35. Rfd1 Kf7 36. Rf1+ Kg8 37. Rfd1 Kf7 38. Rf1+ {cas} 1-0

[Event "SR 1. liga zapad 2015/2016"]
[Site "?"]
[Date "2015.11.15"]
[Round "4.3"]
[White "Hacik, Radomir"]
[Black "Jozefek, Michal"]
[Result "1/2-1/2"]
[WhiteElo "2197"]
[BlackElo "2213"]
[PlyCount "86"]
[EventDate "2015.??.??"]

1. e4 c5 2. Nf3 d6 3. c4 Nc6 4. Nc3 g6 5. Be2 Bg7 6. O-O e6 7. d3 Nge7 8. Be3
Nd4 9. Qd2 O-O 10. Bh6 Nec6 11. Rab1 a6 12. Nxd4 Nxd4 13. Bd1 b5 14. Bxg7 Kxg7
15. Ne2 Qf6 16. Qe3 Bd7 17. f4 Nxe2+ 18. Bxe2 Qd4 19. Qxd4+ cxd4 20. e5 dxe5
21. fxe5 f6 22. exf6+ Rxf6 23. Rxf6 Kxf6 24. Bf3 Re8 25. c5 e5 26. c6 Bc8 27.
Rc1 Ke6 28. Kf2 Kd6 29. b4 Re7 30. Rc5 Kc7 31. h3 Bf5 32. Ke2 g5 33. Kd2 Bg6
34. a3 h6 35. Bd5 Be8 36. Be4 Re6 37. Ke2 Bxc6 38. Bxc6 Rxc6 39. Rxe5 Kd6 40.
Re8 Rc3 41. Rd8+ Ke5 42. Re8+ Kd5 43. Rd8+ Ke5 1/2-1/2

[Event "SR 1. liga zapad 2015/2016"]
[Site "?"]
[Date "2015.11.15"]
[Round "4.4"]
[White "Spacek, Oliver"]
[Black "Castiglione, Mario"]
[Result "1-0"]
[WhiteElo "2198"]
[BlackElo "2221"]
[PlyCount "57"]
[EventDate "2015.??.??"]

1. d4 Nf6 2. Nf3 a6 3. Nbd2 d5 4. e3 Bg4 5. c4 c6 6. h3 Bxf3 7. Qxf3 g6 8. Be2
Bg7 9. O-O O-O 10. b3 e5 11. dxe5 Nfd7 12. Bb2 Nxe5 13. Bxe5 Bxe5 14. Rad1 Qa5
15. cxd5 cxd5 16. e4 Bc3 17. Nb1 Bg7 18. exd5 Qxa2 19. Nd2 Nd7 20. Nc4 b5 21.
Rd2 Ne5 22. Qg3 Qxd2 23. Nxd2 Rfd8 24. Bf3 Rac8 25. Re1 Nd3 26. Re3 Rc3 27. d6
Bh6 28. Qh4 Rc1+ 29. Nf1 1-0

[Event "SR 1. liga zapad 2015/2016"]
[Site "?"]
[Date "2015.11.15"]
[Round "4.5"]
[White "Kovac, Andrej"]
[Black "Bury, Rastislav"]
[Result "1/2-1/2"]
[WhiteElo "2179"]
[BlackElo "2134"]
[PlyCount "74"]
[EventDate "2015.??.??"]

1. d4 Nf6 2. c4 e6 3. Nf3 d5 4. e3 Be7 5. b3 O-O 6. Bd3 b6 7. cxd5 exd5 8. O-O
Bb7 9. Bb2 Nbd7 10. Nbd2 c5 11. Rc1 Rc8 12. Ne5 Nxe5 13. dxe5 Ne4 14. Nxe4 dxe4
15. Bc4 Bc6 16. Qe2 Qc7 17. Rfd1 Rcd8 18. Rxd8 Rxd8 19. Qh5 g6 20. Qe2 Qb7 21.
Qc2 b5 22. Bf1 Qd7 23. Ba3 c4 24. Bxe7 Qxe7 25. bxc4 b4 26. Qb2 a5 27. c5 Rd5
28. e6 Qxe6 29. Bc4 Qe5 30. Qb3 Rd7 31. a3 bxa3 32. Qxa3 a4 33. h3 Kg7 34. Rb1
Qf6 35. Qa2 Qe5 36. Qa3 Qf6 37. Qa2 Qe5 1/2-1/2

[Event "SR 1. liga zapad 2015/2016"]
[Site "?"]
[Date "2015.11.15"]
[Round "4.6"]
[White "Ocko, Martin"]
[Black "Privara, Igor"]
[Result "0-1"]
[WhiteElo "2038"]
[BlackElo "2182"]
[PlyCount "120"]
[EventDate "2015.??.??"]

1. e4 c5 2. Nf3 Nc6 3. d4 cxd4 4. Nxd4 g6 5. Nc3 Bg7 6. Be3 Nf6 7. Bc4 O-O 8.
Bb3 d6 9. h3 Bd7 10. O-O Nxd4 11. Bxd4 Bc6 12. e5 dxe5 13. Bxe5 Qa5 14. Re1
Rad8 15. Qc1 b5 16. a3 Qb6 17. Qe3 Qb7 18. f3 a5 19. Rad1 b4 20. axb4 axb4 21.
Ne2 Bd5 22. Nf4 Bxb3 23. Qxb3 e6 24. c3 Qa7+ 25. Bd4 Qc7 26. Be5 Qc5+ 27. Bd4
Qf5 28. Nd3 bxc3 29. Re5 c2 30. Qxc2 Rxd4 31. Rxf5 gxf5 32. Nc5 Nd5 33. Ra1 Rc8
34. Ra5 Ne3 35. Qb3 f4 36. Qb7 Rcd8 37. Ne4 R4d7 38. Qb5 Rd5 39. Qb6 Bd4 40.
Qc7 Nc4+ 41. Kh2 Nxa5 42. b4 Be5 43. Qe7 Nc6 44. Qg5+ Kh8 45. Qh5 Kg8 46. Ng5
R8d7 47. b5 Rxb5 48. Qxh7+ Kf8 49. Nxe6+ Ke7 50. Ng5 Nd8 51. h4 Bf6 52. Ne4 Ne6
53. h5 Bg7 54. g4 fxg3+ 55. Kxg3 Be5+ 56. Kg4 Rd8 57. Qf5 Rg8+ 58. Kh4 Rb1 59.
Nf2 Bg3+ 60. Kh3 Nf4+ 0-1

[Event "SR 1. liga zapad 2015/2016"]
[Site "?"]
[Date "2015.11.15"]
[Round "4.7"]
[White "Cambel, Vladimir"]
[Black "Polasek, Filip"]
[Result "0-1"]
[WhiteElo "2056"]
[BlackElo "2088"]
[PlyCount "54"]
[EventDate "2015.??.??"]

1. Nf3 d5 2. c4 e6 3. g3 Nf6 4. Bg2 c6 5. b3 Bd6 6. Bb2 Nbd7 7. d4 Qe7 8. O-O
dxc4 9. bxc4 e5 10. Nh4 g6 11. dxe5 Bxe5 12. Nc3 Nb6 13. f4 Bd6 14. Ne4 Nxe4
15. Bxh8 Bc5+ 16. Bd4 Nc3 17. Qd3 Bxd4+ 18. Kh1 Qe3 19. Qc2 Bg4 20. Bf3 Bh3 21.
Ng2 Bxg2+ 22. Bxg2 O-O-O 23. Qb3 Qxe2 24. c5 Nbd5 25. Rfe1 Qb5 26. Qc2 Nb4 27.
Qb3 Nd3 0-1

[Event "SR 1. liga zapad 2015/2016"]
[Site "?"]
[Date "2015.11.15"]
[Round "4.1"]
[White "Petran, Peter"]
[Black "Lanc, Alois"]
[Result "1-0"]
[WhiteElo "2340"]
[BlackElo "2302"]
[PlyCount "103"]
[EventDate "2015.??.??"]

1. c4 e5 2. Nc3 Nc6 3. g3 g6 4. Bg2 Bg7 5. d3 d6 6. Rb1 f5 7. e3 Be6 8. Nge2
Qd7 9. O-O Nf6 10. Nd5 Nd8 11. b3 Nh5 12. f4 c6 13. Ndc3 O-O 14. d4 exf4 15. d5
cxd5 16. cxd5 Bf7 17. exf4 Rc8 18. Qd3 Re8 19. Be3 b6 20. Rbc1 Nb7 21. b4 Nf6
22. h3 Ne4 23. Nxe4 fxe4 24. Qd2 Qf5 25. Rfd1 Rxc1 26. Nxc1 Rc8 27. g4 Qd7 28.
Ne2 a5 29. a3 axb4 30. axb4 Qa4 31. Rc1 Re8 32. Rc7 Nd8 33. Bxb6 Qb5 34. Be3
Qxd5 35. Qxd5 Bxd5 36. Nc3 Ba8 37. Nb5 Nf7 38. Ra7 Rb8 39. Bf1 d5 40. Nc7 Bb7
41. Ne6 Bc3 42. b5 g5 43. Nxg5 Nxg5 44. fxg5 Be5 45. Bc5 Rc8 46. Bf2 Ba8 47.
Re7 Bg7 48. b6 d4 49. b7 Bxb7 50. Rxb7 e3 51. Bg3 Rc2 52. Bd3 1-0